[Event "4NCL Division 3"]
[Site "Daventry Court ENG"]
[Date "2015.03.22"]
[Round "8.97"]
[White "Jaszkiwskyj, Peter"]
[Black "Garnett, John S"]
[Result "1-0"]
[WhiteElo "1956"]
[BlackElo "1997"]
[PlyCount "67"]
[EventDate "2015.03.22"]
[WhiteTeam "The Rookies"]
[BlackTeam "e2e4.org.uk 2"]

1. d4 Nf6 2. Nf3 g6 3. Bf4 Bg7 4. e3 O-O 5. h3 c5 6. c3 b6 7. Nbd2 Bb7 8. Be2
d6 9. O-O Nc6 10. Bh2 Qd7 11. Rc1 Rac8 12. Re1 Rfd8 13. Bf1 a6 14. a4 Nb8 15.
Qb3 Qc6 16. Ng5 e6 17. Nc4 b5 18. axb5 axb5 19. Na5 Qb6 20. Qxb5 Qxb5 21. Bxb5
Ba6 22. Bxa6 Nxa6 23. Nb7 Rd7 24. Nxd6 Rc6 25. Nc4 Nd5 26. Nf3 Rd8 27. Nfe5
Bxe5 28. Nxe5 Rb6 29. Ra1 Ndc7 30. Ra2 f6 31. Nc4 Rc6 32. Na5 Rb6 33. dxc5 Rb5
34. c4 1-0

[Event "4NCL Division 3"]
[Site "Daventry Court ENG"]
[Date "2015.03.22"]
[Round "8.98"]
[White "Taylor, Adam A"]
[Black "Piper, Stephen J"]
[Result "1/2-1/2"]
[WhiteElo "2053"]
[BlackElo "2033"]
[PlyCount "142"]
[EventDate "2015.03.22"]

1. Nf3 g6 2. d4 Bg7 3. g3 d6 4. Bg2 Nd7 5. O-O Ngf6 6. Nc3 O-O 7. a4 a5 8. Bf4
c6 9. e4 Nb6 10. b3 Nh5 11. Be3 f5 12. exf5 Bxf5 13. Nh4 Be6 14. Ne4 Nd5 15.
Ng5 Nxe3 16. fxe3 Bd7 17. Qd3 Nf6 18. Rad1 e6 19. Nhf3 Qe7 20. e4 h6 21. Nh3 e5
22. dxe5 dxe5 23. Nf2 Bg4 24. Nxg4 Nxg4 25. Qc3 Qc7 26. Qc5 Rf7 27. Kh1 Bf8 28.
Qc4 Ne3 29. Qe6 Qe7 30. Qxg6+ Bg7 31. Rde1 Nxf1 32. Rxf1 Qf8 33. Qh5 Qc5 34.
Bh3 Raf8 35. Bf5 Qxc2 36. Nh4 Rxf5 37. exf5 Qxb3 38. Qg4 Qd5+ 39. Ng2 Qd4 40.
Qg6 Rf6 41. Qe8+ Kh7 42. Qc8 Qxa4 43. h3 Qb3 44. Kh2 Qd3 45. Rf2 b5 46. g4 Qd4
47. Re2 a4 48. Nh4 Qd1 49. Rg2 Qd6 50. Ng6 e4+ 51. Kh1 a3 52. h4 a2 53. Rxa2
Qd1+ 54. Kh2 Qxg4 55. Ne7 Qxh4+ 56. Kg2 Rf8 57. Qe6 Qf6 58. Qxe4 Qe5 59. Qxe5
Bxe5 60. Nxc6 Rxf5 61. Nxe5 Rxe5 62. Ra6 Re2+ 63. Kf3 Rb2 64. Ke4 b4 65. Rb6
Rb1 66. Kf5 Rf1+ 67. Ke5 Re1+ 68. Kf6 Rf1+ 69. Ke5 Rh1 70. Rxb4 Rh5+ 71. Kf6
Rg5 1/2-1/2

[Event "4NCL Division 3"]
[Site "Daventry Court ENG"]
[Date "2015.03.22"]
[Round "8.105"]
[White "Kirby, Peter J"]
[Black "Wallace, Paul A"]
[Result "0-1"]
[WhiteElo "1995"]
[BlackElo "2195"]
[PlyCount "82"]
[EventDate "2015.03.22"]
[WhiteTeam "Rhyfelwyr Essyllwg 2"]
[BlackTeam "Cheddleton 2"]

1. e4 e5 2. Nf3 Nc6 3. Bb5 Bc5 4. O-O Nf6 5. d3 d6 6. c3 O-O 7. Nbd2 a6 8. Ba4
b5 9. Bc2 h6 10. b4 Ba7 11. a4 Bb7 12. Nb3 Re8 13. Qe2 d5 14. Bd2 Qd6 15. axb5
axb5 16. Na5 Nxa5 17. Rxa5 Bb6 18. Raa1 Rad8 19. Rab1 Nd7 20. c4 bxc4 21. dxc4
dxe4 22. Bxe4 Bxe4 23. Qxe4 Nf6 24. Qc2 e4 25. c5 Qd5 26. cxb6 cxb6 27. Nd4
Qxd4 28. Be3 Qd6 29. Rfd1 Qe6 30. Bd4 Nd5 31. Qb2 Nf4 32. Be3 Qg4 33. f3 Rxd1+
34. Rxd1 exf3 35. Bxf4 f2+ 36. Kxf2 Qxd1 37. Be3 b5 38. Qc3 Qd5 39. Bd4 Re4 40.
Qc8+ Kh7 41. Bc5 Qd2+ 0-1

[Event "4NCL Division 3"]
[Site "Daventry Court ENG"]
[Date "2015.03.22"]
[Round "8.106"]
[White "Armstrong, Malcolm J"]
[Black "Van Kemenade, Rudy"]
[Result "1-0"]
[WhiteElo "2096"]
[BlackElo "1989"]
[PlyCount "57"]
[EventDate "2015.03.22"]
[WhiteTeam "Cheddleton 2"]
[BlackTeam "Rhyfelwyr Essyllwg 2"]

1. e4 e5 2. Bc4 Nf6 3. d3 c6 4. Nf3 Be7 5. O-O d6 6. h3 h6 7. c3 Nbd7 8. Bb3
Nf8 9. Re1 g5 10. d4 Qc7 11. Nbd2 Ng6 12. Nf1 g4 13. hxg4 Bxg4 14. Ne3 Bh5 15.
Nf5 Bf8 16. Qd3 O-O-O 17. Nh2 d5 18. exd5 e4 19. Qh3 Nf4 20. Bxf4 Qxf4 21. Ng3+
Bg4 22. Nxg4 Nxg4 23. Nxe4 cxd5 24. f3 f5 25. Ng3 Ne3 26. Nh5 Qg5 27. f4 Qg6
28. Rxe3 Bd6 29. Bxd5 1-0

[Event "4NCL Division 3"]
[Site "Daventry Court ENG"]
[Date "2015.03.22"]
[Round "8.99"]
[White "Bevan, Peter M"]
[Black "Acey, Gerald"]
[Result "1/2-1/2"]
[WhiteElo "1993"]
[BlackElo "2118"]
[PlyCount "86"]
[EventDate "2015.03.22"]

1. c4 e6 2. g3 d5 3. Nf3 c5 4. b3 Nc6 5. e3 Nf6 6. Bg2 Be7 7. O-O O-O 8. d3 b6
9. Bb2 Bb7 10. Qe2 Qc7 11. Nc3 Rad8 12. Rac1 Qb8 13. cxd5 Nxd5 14. Nxd5 exd5
15. d4 Nb4 16. Qd2 Ba6 17. Rfd1 Nd3 18. Bf1 Nxb2 19. Qxb2 Bxf1 20. Kxf1 Qb7 21.
Qe2 Rfe8 22. Kg2 Bd6 23. Qb5 a6 24. Qd3 Bf8 25. a4 g6 26. a5 cxd4 27. Nxd4 bxa5
28. Rc6 Rd6 29. Rdc1 Rxc6 30. Rxc6 Ra8 31. h4 Bg7 32. Qc3 Bxd4 33. exd4 Qe7 34.
Qf3 Qe4 35. Rc5 Rb8 36. Rxa5 Qxf3+ 37. Kxf3 Rxb3+ 38. Kf4 Rb6 39. Rxd5 Kf8 40.
Rd7 Rf6+ 41. Ke3 Ke8 42. Ra7 h5 43. d5 Rf5 1/2-1/2

[Event "4NCL Division 3"]
[Site "Daventry Court ENG"]
[Date "2015.03.22"]
[Round "8.99"]
[White "Richardson, Alex"]
[Black "Hatchett, Paul D"]
[Result "1/2-1/2"]
[WhiteElo "2107"]
[BlackElo "1989"]
[PlyCount "52"]
[EventDate "2015.03.22"]

1. g3 Nf6 2. c4 g6 3. Bg2 Bg7 4. Nc3 O-O 5. Nf3 d6 6. d4 Nc6 7. O-O a6 8. b3 e5
9. dxe5 Ng4 10. Bg5 Qd7 11. Nd5 dxe5 12. h3 f6 13. Bd2 Nh6 14. e4 Nf7 15. Be3
Rb8 16. Qc2 Nd6 17. Rad1 Qf7 18. c5 Ne8 19. a3 Be6 20. Rd2 Na7 21. b4 g5 22. h4
g4 23. Nh2 Kh8 24. f4 gxf3 25. Rxf3 Rd8 26. Rdf2 c6 1/2-1/2

[Event "4NCL Division 3"]
[Site "Daventry Court ENG"]
[Date "2015.03.22"]
[Round "8.99"]
[White "Dineen, Robert"]
[Black "Edwards, Simon R"]
[Result "0-1"]
[WhiteElo "1825"]
[BlackElo "1916"]
[PlyCount "65"]
[EventDate "2015.03.22"]

1. e4 c5 2. Nc3 a6 3. f4 b5 4. Nf3 Bb7 5. d3 e6 6. Bd2 g6 7. g3 Bg7 8. Bg2 Ne7
9. O-O O-O 10. Qc1 d5 11. e5 Nbc6 12. Ne2 Qb6 13. Kh1 Rac8 14. g4 Nb8 15. d4
Nd7 16. dxc5 Qxc5 17. Ned4 Nc6 18. c3 Nb6 19. Nxc6 Qxc6 20. Nd4 Qc7 21. f5 exf5
22. gxf5 Bxe5 23. Bh6 Rfe8 24. Bf4 Qe7 25. Bxe5 Qxe5 26. Qh6 Qg7 27. Qh4 Nc4
28. f6 Qf8 29. Rf3 Re4 30. Qf2 Qh6 31. Rh3 Qf4 32. Rf3 Qe5 33. Qh4 0-1

[Event "4NCL Division 3"]
[Site "Daventry Court ENG"]
[Date "2015.03.22"]
[Round "8.99"]
[White "Gostelow, Dave"]
[Black "Page, Mark"]
[Result "0-1"]
[WhiteElo "2029"]
[BlackElo "2080"]
[PlyCount "98"]
[EventDate "2015.03.22"]

1. d4 Nf6 2. Nf3 g6 3. Bf4 Bg7 4. e3 d6 5. h3 O-O 6. Be2 Nc6 7. O-O Ne4 8. c4
e5 9. Bh2 f5 10. Na3 Qe7 11. Nc2 a5 12. Nd2 Nxd2 13. Qxd2 g5 14. Rad1 f4 15.
dxe5 dxe5 16. exf4 exf4 17. Bf3 Ne5 18. Bd5+ Kh8 19. Rfe1 c6 20. Bf3 Nxf3+ 21.
gxf3 Qc5 22. h4 h6 23. hxg5 hxg5 24. Qd6 Qxd6 25. Rxd6 Bf5 26. Nd4 Bxd4 27.
Rxd4 Rfe8 28. Red1 Kg7 29. Bxf4 gxf4 30. Rxf4 Re5 31. Kg2 Rg8 32. Rh4 Kf6+ 33.
Kf1 Ke7 34. b3 Rd8 35. Rxd8 Kxd8 36. Rd4+ Kc7 37. f4 Re4 38. Rd2 a4 39. f3 Rxf4
40. Ke2 axb3 41. axb3 Rh4 42. Ke3 Kb6 43. Rg2 c5 44. Rd2 Kc6 45. Rg2 Rd4 46.
Rb2 b5 47. cxb5+ Kxb5 48. Ra2 Rd3+ 49. Kf4 Be6 0-1

[Event "4NCL Division 3"]
[Site "Daventry Court ENG"]
[Date "2015.03.22"]
[Round "8.116"]
[White "Baruch, Andy"]
[Black "Roberts, Colin"]
[Result "1/2-1/2"]
[WhiteElo "2068"]
[BlackElo "1933"]
[PlyCount "41"]
[EventDate "2015.03.22"]
[WhiteTeam "Warwickshire Select 2"]
[BlackTeam "Shropshire"]

1. g3 g6 2. Bg2 Bg7 3. c4 c5 4. Nc3 Nc6 5. Nf3 Nf6 6. O-O O-O 7. d4 cxd4 8.
Nxd4 Nxd4 9. Qxd4 d6 10. Bg5 h6 11. Bxf6 Bxf6 12. Qd2 Qa5 13. Rac1 Rb8 14. Rfd1
Kg7 15. Nd5 Qxd2 16. Rxd2 b6 17. b3 Bb7 18. e3 Rfd8 19. f4 Rd7 20. a4 e6 21.
Nxf6 1/2-1/2

[Event "4NCL Division 3"]
[Site "Daventry Court ENG"]
[Date "2015.03.22"]
[Round "8.99"]
[White "Paterson, Andrew"]
[Black "Paul, Nathanael"]
[Result "1-0"]
[WhiteElo "1974"]
[BlackElo "1938"]
[PlyCount "149"]
[EventDate "2015.03.22"]

1. e4 c6 2. d4 d5 3. exd5 cxd5 4. Bf4 Nf6 5. c3 Nc6 6. Bd3 Bg4 7. Qb3 Na5 8.
Qa4+ Bd7 9. Qc2 e6 10. Nf3 Qb6 11. Nbd2 Be7 12. Ne5 Bb5 13. O-O O-O 14. b3 Bxd3
15. Qxd3 Nc6 16. Rfe1 Nxe5 17. Bxe5 Nd7 18. Bg3 Bd6 19. Re3 Rae8 20. Rae1 Bxg3
21. Rxg3 Qd6 22. Nf3 f6 23. Rh3 g6 24. Nh4 e5 25. f4 e4 26. Qg3 f5 27. Qg5 Qe7
28. Qh6 Qg7 29. Qg5 Re6 30. Ree3 Rc8 31. Reg3 Rf6 32. Kf2 Nf8 33. Re3 h6 34.
Qg3 g5 35. fxg5 hxg5 36. Qe5 f4 37. Qxd5+ Qf7 38. Qxg5+ Rg6 39. Nxg6 fxe3+ 40.
Kxe3 Nxg6 41. c4 Kg7 42. Qh6+ Kf6 43. Rh4 Ke6 44. Rg4 Rg8 45. Qg5 Qf1 46. Rxe4+
Kf7 47. Qd5+ Kf6 48. Re6+ Kg7 49. Rxg6+ Kxg6 50. Qxg8+ Kh6 51. Qe6+ Kh7 52.
Qe4+ Kh8 53. Qxb7 Qg1+ 54. Kf3 Qxd4 55. Qa8+ Kg7 56. Qb7+ Kh8 57. Qe4 Qd1+ 58.
Qe2 Qd4 59. h3 Qf6+ 60. Kg3 Qd6+ 61. Kf2 Qh2 62. Qh5+ Kg7 63. Qg5+ Kf7 64. Qg3
Qh1 65. Qc7+ Ke6 66. Qxa7 Qb1 67. Qe3+ Kd6 68. a4 Qb2+ 69. Kg1 Qb1+ 70. Kh2 Qc2
71. h4 Kc6 72. a5 Kc7 73. a6 Kb8 74. Qb6+ Kc8 75. Qb7+ 1-0

[Event "4NCL Division 3"]
[Site "Daventry Court ENG"]
[Date "2015.03.22"]
[Round "8.119"]
[White "Pugh, Glyn"]
[Black "Smith, Simon C"]
[Result "0-1"]
[WhiteElo "1855"]
[BlackElo "1905"]
[PlyCount "62"]
[EventDate "2015.03.22"]
[WhiteTeam "Shropshire"]
[BlackTeam "Warwickshire Select 2"]

1. d4 e6 2. e4 d5 3. Nc3 Nf6 4. Bg5 dxe4 5. Nxe4 Be7 6. Nxf6+ Bxf6 7. Bxf6 Qxf6
8. Nf3 O-O 9. Bd3 c5 10. O-O cxd4 11. Nxd4 e5 12. Nb5 Nc6 13. Nc7 Rb8 14. Nd5
Qh4 15. Re1 Bg4 16. f3 Be6 17. Re4 Qd8 18. c4 Bxd5 19. cxd5 Qxd5 20. Rc4 Rfd8
21. Be2 Qxc4 22. Bxc4 Rxd1+ 23. Rxd1 Rd8 24. Re1 Kf8 25. b4 Rd4 26. Bb5 Rxb4
27. Bxc6 bxc6 28. Rxe5 Rb1+ 29. Kf2 Rb2+ 30. Kg3 Rxa2 31. Rc5 Ra6 0-1

[Event "4NCL Division 3"]
[Site "Daventry Court ENG"]
[Date "2015.03.22"]
[Round "8.120"]
[White "Ali, Golam"]
[Black "Tarr, Steve"]
[Result "1/2-1/2"]
[WhiteElo "1860"]
[BlackElo "1765"]
[PlyCount "84"]
[EventDate "2015.03.22"]
[WhiteTeam "Warwickshire Select 2"]
[BlackTeam "Shropshire"]

1. d4 Nf6 2. c4 e5 3. d5 Bc5 4. e3 d6 5. Nc3 Bf5 6. Nf3 O-O 7. h3 Ne8 8. e4 Bg6
9. Bg5 Qd7 10. g4 Bb4 11. Bd3 Na6 12. Nh4 Nc5 13. Nf5 f6 14. Be3 Qa4 15. Qe2
Bxc3+ 16. bxc3 Qa5 17. Rc1 Rf7 18. O-O c6 19. Kh2 cxd5 20. cxd5 Rc8 21. h4 Rfc7
22. Bd2 Nxd3 23. Qxd3 Kf7 24. Ng3 h6 25. f4 Qxa2 26. Rc2 Qc4 27. Qf3 Kg8 28. f5
Bf7 29. g5 hxg5 30. hxg5 Kf8 31. g6 Bg8 32. Rh1 Rc5 33. Kg1 Qa4 34. Rc1 b5 35.
Rh8 b4 36. Qh5 bxc3 37. Qh7 cxd2 38. Qxg8+ Ke7 39. Qe6+ Kd8 40. Rxe8+ Qxe8 41.
Qxd6+ Qd7 42. Qf8+ Qe8 1/2-1/2

[Event "4NCL Division 3"]
[Site "Daventry Court ENG"]
[Date "2015.03.22"]
[Round "8.99"]
[White "Madden, Paul"]
[Black "Punnett, Alan"]
[Result "1-0"]
[WhiteElo "2071"]
[BlackElo "2066"]
[PlyCount "79"]
[EventDate "2015.03.22"]

1. e4 e6 2. d4 d5 3. Nd2 Be7 4. Ngf3 Nf6 5. e5 Nfd7 6. Bd3 c5 7. c3 Nc6 8. O-O
a5 9. Re1 cxd4 10. cxd4 Qb6 11. Nf1 Nxd4 12. Ng5 Nc6 13. Nf3 f6 14. exf6 Nxf6
15. Ng5 Nd8 16. Nxh7 Nf7 17. Ng5 Nxg5 18. Bxg5 Bd7 19. Bg6+ Kd8 20. Rc1 Rc8 21.
Be3 Qb5 22. Qd4 Bd6 23. Rxc8+ Bxc8 24. f4 Qb4 25. Qxb4 Bxb4 26. Rc1 Bd6 27.
Bb6+ Ke7 28. g3 a4 29. Bc7 Bd7 30. Bxd6+ Kxd6 31. Nd2 Ng4 32. Nf3 e5 33. Ng5
Rxh2 34. fxe5+ Ke7 35. Rc7 Kd8 36. Rxb7 d4 37. e6 Bc6 38. Nf7+ Kc8 39. Nd6+ Kd8
40. e7# 1-0

[Event "4NCL Division 3"]
[Site "Daventry Court ENG"]
[Date "2015.03.22"]
[Round "8.99"]
[White "Smart, Mike"]
[Black "Toothill, Andrew"]
[Result "1-0"]
[WhiteElo "2008"]
[BlackElo "1977"]
[PlyCount "105"]
[EventDate "2015.03.22"]

1. e4 c5 2. Nf3 e6 3. c3 Nf6 4. e5 Nd5 5. c4 Ne7 6. Nc3 a6 7. Ne4 Nf5 8. b4 d6
9. exd6 Nxd6 10. Nxc5 b6 11. Nb3 Bb7 12. Be2 Be7 13. O-O Ne4 14. a3 Bf6 15. Rb1
Nd7 16. Bb2 O-O 17. d4 Qc7 18. Qc2 Ng5 19. Nxg5 Bxg5 20. Bc1 Bf6 21. Be3 e5 22.
Bd3 exd4 23. Nxd4 g6 24. Rbc1 Rac8 25. Be4 Rfe8 26. Bxb7 Qxb7 27. Nf3 Ne5 28.
Nxe5 Bxe5 29. Rfd1 Red8 30. h3 Qc6 31. c5 bxc5 32. bxc5 h5 33. Qb3 Bc7 34.
Rxd8+ Rxd8 35. Qc4 Rd5 36. Qh4 Qd7 37. Qc4 Rd1+ 38. Rxd1 Qxd1+ 39. Qf1 Qa4 40.
Qc1 a5 41. Qa1 Qe4 42. Qc1 h4 43. Qd1 Be5 44. c6 Qxc6 45. Qd8+ Kg7 46. Qxh4 Qd7
47. g3 Qd1+ 48. Kh2 Qf3 49. Qg5 f6 50. Qh6+ Kf7 51. Qh7+ Ke6 52. Qxg6 Qxe3 53.
fxe3 1-0

[Event "4NCL Division 3"]
[Site "Daventry Court ENG"]
[Date "2015.03.22"]
[Round "8.127"]
[White "Burke, Steve"]
[Black "Shepley, Julien"]
[Result "1/2-1/2"]
[WhiteElo "1942"]
[BlackElo "1949"]
[PlyCount "43"]
[EventDate "2015.03.22"]
[WhiteTeam "Ashfield-Breadsall"]
[BlackTeam "Guildford 4"]

1. e4 d6 2. c4 Nf6 3. Nc3 e5 4. d3 c6 5. Nf3 g6 6. a3 a5 7. Rb1 Bg7 8. h3 O-O
9. Bg5 h6 10. Bd2 Kh7 11. b4 axb4 12. axb4 Qe8 13. b5 Nbd7 14. Ra1 Rxa1 15.
Qxa1 Nc5 16. Qa3 Qe7 17. bxc6 bxc6 18. Be3 Nfd7 19. Na4 Bb7 20. Nxc5 Nxc5 21.
Bxc5 dxc5 22. Be2 1/2-1/2

[Event "4NCL Division 3"]
[Site "Daventry Court ENG"]
[Date "2015.03.22"]
[Round "8.128"]
[White "Stimpson, Phil"]
[Black "Taylor, Bob"]
[Result "1-0"]
[WhiteElo "2008"]
[BlackElo "1918"]
[PlyCount "33"]
[EventDate "2015.03.22"]
[WhiteTeam "Guildford 4"]
[BlackTeam "Ashfield-Breadsall"]

1. e4 e5 2. Nf3 Nc6 3. d4 exd4 4. Nxd4 Nxd4 5. Qxd4 d6 6. Bc4 Be6 7. Nc3 Bxc4
8. Qxc4 Nf6 9. Bg5 c6 10. O-O-O Qa5 11. Bf4 Rd8 12. e5 d5 13. Qe2 Ne4 14. Nxe4
dxe4 15. Rxd8+ Kxd8 16. Rd1+ Ke8 17. Qg4 1-0

[Event "4NCL Division 3"]
[Site "Daventry Court ENG"]
[Date "2015.03.22"]
[Round "8.99"]
[White "Jarvis, Derek"]
[Black "Phillips, William"]
[Result "1/2-1/2"]
[WhiteElo "1924"]
[BlackElo "1905"]
[PlyCount "81"]
[EventDate "2015.03.22"]

1. e4 e5 2. Nf3 Nc6 3. d4 exd4 4. Nxd4 Bc5 5. Nxc6 Qf6 6. Qf3 Qxf3 7. gxf3 dxc6
8. Be3 Bxe3 9. fxe3 Be6 10. Nd2 Ne7 11. Bc4 Bxc4 12. Nxc4 b5 13. Na5 O-O-O 14.
Rg1 Rhg8 15. Rd1 Rxd1+ 16. Kxd1 Rd8+ 17. Ke2 g6 18. f4 Rd6 19. Nb3 Kb7 20. Nc5+
Kb6 21. b4 Rd8 22. Rd1 Rxd1 23. Kxd1 f5 24. Kd2 fxe4 25. Nxe4 Nd5 26. a3 a5 27.
Nc5 axb4 28. axb4 Nxb4 29. Nd7+ Kb7 30. Nf8 Nd5 31. Nxh7 c5 32. Nf8 Ne7 33. e4
Kc6 34. Ne6 Kd6 35. Ng5 c4 36. Kc3 c5 37. Nf7+ Ke6 38. Nd8+ Kd7 39. Nb7 Ke6 40.
Nd8+ Kd7 41. Nb7 1/2-1/2

[Event "4NCL Division 3"]
[Site "Daventry Court ENG"]
[Date "2015.03.22"]
[Round "8.99"]
[White "Horlock, Peter J"]
[Black "Graham, Neil"]
[Result "0-1"]
[WhiteElo "1614"]
[BlackElo "1848"]
[PlyCount "106"]
[EventDate "2015.03.22"]

1. e4 e5 2. Nf3 Nf6 3. d3 Nc6 4. h3 d5 5. exd5 Nxd5 6. a3 Bd6 7. Bd2 O-O 8. Nc3
Be6 9. Ne4 Re8 10. Nfg5 Bf5 11. Be2 h6 12. Nxd6 Qxd6 13. Ne4 Qg6 14. Ng3 Bd7
15. Bh5 Qh7 16. O-O Nf6 17. Bf3 Nd4 18. Bxb7 Rab8 19. Be4 Nxe4 20. dxe4 Bc6 21.
c3 Ne6 22. Qc2 h5 23. Rae1 Nc5 24. b4 Ba4 25. Qb1 Nb3 26. Be3 Rbd8 27. Re2 h4
28. Nf5 Bb5 29. Qxb3 Bxe2 30. Re1 Ba6 31. Bg5 Rb8 32. Re3 Qh5 33. Bxh4 Bc8 34.
Ne7+ Kh7 35. Nxc8 Qxh4 36. Nxa7 Qh5 37. Nc6 Rb6 38. Qc4 Re6 39. Nd8 Qd1+ 40.
Kh2 Qxd8 41. a4 Rf6 42. Qe2 g6 43. Rf3 Rxf3 44. Qxf3 Kg7 45. a5 Rd6 46. c4 Rd3
47. Qe2 Qd4 48. c5 Rd2 49. Qg4 Qxb4 50. Qg5 f6 51. Qg4 Qxa5 52. f4 exf4 53.
Qxf4 Rd4 0-1

[Event "4NCL Division 3"]
[Site "Daventry Court ENG"]
[Date "2015.03.22"]
[Round "8.99"]
[White "Hackner, Oskar A"]
[Black "Rawlinson, Christopher JA"]
[Result "0-1"]
[WhiteElo "2187"]
[BlackElo "2045"]
[PlyCount "66"]
[EventDate "2015.03.22"]

1. d4 e6 2. c4 f5 3. g3 Nf6 4. Bg2 d5 5. Nh3 c6 6. Nd2 Bd6 7. O-O O-O 8. Qc2
Qe8 9. Nf3 Nbd7 10. Bf4 e5 11. dxe5 Nxe5 12. cxd5 Nxd5 13. Nxe5 Bxe5 14. Bxd5+
cxd5 15. Rfd1 Bf6 16. Bd6 Rf7 17. Nf4 Bd7 18. Nxd5 Bc6 19. Nxf6+ Rxf6 20. Rd4
Rc8 21. Rad1 Re6 22. Qb3 Kh8 23. Bf4 Rxe2 24. Be3 h6 25. Qd3 Qh5 26. Bxh6 gxh6
27. g4 Qe8 28. Qc3 Qe5 29. Rd8+ Rxd8 30. Rxd8+ Kg7 31. Qxe5+ Rxe5 32. h3 f4 33.
Rd4 Re1+ 0-1

[Event "4NCL Division 3"]
[Site "Daventry Court ENG"]
[Date "2015.03.22"]
[Round "8.136"]
[White "Brackmann, Hendrik"]
[Black "Lang, Adam R"]
[Result "1-0"]
[WhiteElo "1997"]
[BlackElo "2140"]
[PlyCount "63"]
[EventDate "2015.03.22"]
[WhiteTeam "Oxford 2"]
[BlackTeam "Bradford DCA Knights A"]

1. e4 d5 2. exd5 e6 3. dxe6 Bxe6 4. Nf3 Nc6 5. Bb5 Nge7 6. O-O Qd6 7. c3 O-O-O
8. d4 f6 9. Nbd2 Bf5 10. Qe2 Nd5 11. Nc4 Qd7 12. Na5 Nde7 13. Qc4 Be4 14. Nd2
Bxg2 15. Kxg2 Qg4+ 16. Kh1 Nxa5 17. Qa4 Nac6 18. f3 Qh3 19. Ne4 Ng6 20. Bd2 Nb8
21. Rf2 a6 22. Bf1 Qh5 23. b4 Qd5 24. Rb1 f5 25. Nc5 Bxc5 26. bxc5 Rhe8 27. Bg5
Ne7 28. Bc4 Qc6 29. Qb3 g6 30. Be6+ Rd7 31. Bxe7 Rexe7 32. d5 1-0

[Event "4NCL Division 3"]
[Site "Daventry Court ENG"]
[Date "2015.03.22"]
[Round "8.99"]
[White "Jennings, Roger"]
[Black "Pozimski, Szymon"]
[Result "1/2-1/2"]
[WhiteElo "2110"]
[BlackElo "1934"]
[PlyCount "125"]
[EventDate "2015.03.22"]

1. g3 d5 2. Bg2 Nf6 3. Nf3 c6 4. O-O Bg4 5. Ne5 Bh5 6. c4 Nbd7 7. d4 dxc4 8.
Nxc4 Nb6 9. Ne5 Nfd7 10. Nc3 Nxe5 11. dxe5 Qxd1 12. Rxd1 e6 13. b3 Bb4 14. Ne4
Bxe2 15. Rd4 Be7 16. Bb2 Rd8 17. Re1 Rxd4 18. Bxd4 Bh5 19. a4 O-O 20. a5 Nd7
21. Rc1 Be2 22. Bxa7 Nxe5 23. Bc5 Bxc5 24. Nxc5 Nd3 25. Nxd3 Bxd3 26. Rd1 Ba6
27. Rd7 Rc8 28. Bf1 Bxf1 29. Kxf1 Rb8 30. Ke2 Kf8 31. Kd3 Ke8 32. Rc7 Rd8+ 33.
Kc3 Rd7 34. Rc8+ Ke7 35. a6 bxa6 36. Rxc6 Ra7 37. Kb4 Kd7 38. Rc3 Rc7 39. Rd3+
Kc6 40. Ka5 Kb7 41. Rd6 Rc5+ 42. Ka4 Rd5 43. Rxd5 exd5 44. Ka5 Kc6 45. Kxa6 Kc5
46. Ka5 d4 47. b4+ Kc4 48. b5 d3 49. b6 d2 50. b7 d1=Q 51. b8=Q Qa1+ 52. Kb6
Qb2+ 53. Kc7 Qxb8+ 54. Kxb8 g5 55. Kc7 Kd5 56. Kd7 Ke5 57. Ke7 f5 58. Kf7 Ke4
59. Kf6 h6 60. Kg6 f4 61. Kxh6 f3 62. Kxg5 Kd3 63. h4 1/2-1/2

[Event "4NCL Division 3"]
[Site "Daventry Court ENG"]
[Date "2015.03.22"]
[Round "8.99"]
[White "Matta, Francesca"]
[Black "Drabble, Andrew"]
[Result "1/2-1/2"]
[WhiteElo "1918"]
[BlackElo "2057"]
[PlyCount "84"]
[EventDate "2015.03.22"]

1. d4 e6 2. Bf4 Nf6 3. Nf3 Nh5 4. Bg5 Be7 5. Bxe7 Qxe7 6. c3 d6 7. Nbd2 O-O 8.
e3 Nf6 9. Bd3 e5 10. dxe5 dxe5 11. Qc2 Rd8 12. Rd1 Nc6 13. Ng5 h6 14. Nge4 Nd5
15. Ng3 g6 16. O-O Kg7 17. Bc4 Be6 18. Bxd5 Rxd5 19. b4 Rad8 20. Nb3 b6 21.
Rxd5 Rxd5 22. Rd1 Qd7 23. Rd2 Ne7 24. h3 Rd6 25. Rxd6 Qxd6 26. a3 Bc4 27. Nd2
Qd3 28. Qxd3 Bxd3 29. c4 f5 30. f4 Kf6 31. Kf2 Nc6 32. Ne2 a5 33. Nc3 axb4 34.
Nd5+ Ke6 35. Nxb4 Nxb4 36. axb4 Kd6 37. g3 Ke6 38. Kf3 c6 39. Kf2 Kf6 40. Kf3
Ke6 41. Kf2 Kf6 42. Kf3 Ke6 1/2-1/2

[Event "4NCL Division 3"]
[Site "Daventry Court ENG"]
[Date "2015.03.22"]
[Round "8.99"]
[White "Bak, Andrew"]
[Black "Terry, Sean"]
[Result "1/2-1/2"]
[WhiteElo "2051"]
[BlackElo "1937"]
[PlyCount "128"]
[EventDate "2015.03.22"]

1. Nf3 c5 2. e4 Nc6 3. d4 cxd4 4. Nxd4 e6 5. Nb5 a6 6. Nd6+ Bxd6 7. Qxd6 Qe7 8.
Bf4 e5 9. Qxe7+ Ngxe7 10. Bg3 d5 11. Nc3 Be6 12. O-O-O O-O-O 13. Be2 f6 14. f4
d4 15. Na4 h5 16. fxe5 Nxe5 17. Nc5 Bf7 18. h3 N7c6 19. Bf2 Kc7 20. Nb3 Bxb3
21. axb3 h4 22. Rd2 Ng6 23. Rhd1 Nf4 24. Bf3 d3 25. Be3 Ne2+ 26. Bxe2 dxe2 27.
Bf4+ Kc8 28. Rxe2 Rxd1+ 29. Kxd1 Rd8+ 30. Ke1 g5 31. Bh2 Re8 32. Kf2 Kd7 33.
Ke3 Ke6 34. Rd2 Ne5 35. Bxe5 fxe5 36. Rf2 Rg8 37. g4 hxg3 38. Rg2 Rh8 39. Rxg3
Kf6 40. Kf2 Rh4 41. Ke3 Rh8 42. Kd2 Rh7 43. Rf3+ Ke6 44. Rf5 Rxh3 45. Rxg5 Rh2+
46. Kd3 Rh3+ 47. Kc4 Re3 48. Rg6+ Kd7 49. Kd5 Re2 50. Rg7+ Kc8 51. Kxe5 Rxc2
52. Kd6 Rd2+ 53. Ke6 Rxb2 54. Rg3 Kc7 55. Re3 Rh2 56. e5 Rh6+ 57. Kd5 Kd7 58.
e6+ Ke7 59. Kc5 Rxe6 60. Rxe6+ Kxe6 61. Kb6 Kd5 62. Kxb7 Kc5 63. Kxa6 Kb4 64.
Kb6 Kxb3 1/2-1/2

[Event "4NCL Division 3"]
[Site "Daventry Court ENG"]
[Date "2015.03.22"]
[Round "8.140"]
[White "Idle, Oscar"]
[Black "Nicholson, Jim WR"]
[Result "1/2-1/2"]
[WhiteElo "1661"]
[BlackElo "2028"]
[PlyCount "56"]
[EventDate "2015.03.22"]
[WhiteTeam "Oxford 2"]
[BlackTeam "Bradford DCA Knights A"]

1. e4 c5 2. Nf3 d6 3. d4 cxd4 4. Nxd4 Nf6 5. Nc3 a6 6. f3 e5 7. Nb3 Be6 8. Be3
Be7 9. Qd2 O-O 10. O-O-O a5 11. Bb5 Na6 12. Qe2 Nc7 13. Nc5 Qb8 14. Nxe6 Nxe6
15. g4 Nc7 16. g5 Nh5 17. f4 Nxf4 18. Bxf4 exf4 19. Qg4 Qc8 20. Qxf4 Nxb5 21.
Nxb5 Qc5 22. Rd5 Qc4 23. Kb1 Rac8 24. Rc1 Rc6 25. Nd4 Rb6 26. Nf5 Rxb2+ 27.
Kxb2 Qb4+ 28. Ka1 Qc3+ 1/2-1/2

[Event "4NCL Division 3"]
[Site "Daventry Court ENG"]
[Date "2015.03.22"]
[Round "8.99"]
[White "Scott, Gordon"]
[Black "Swanson, Stephen"]
[Result "0-1"]
[WhiteElo "2087"]
[BlackElo "2199"]
[PlyCount "94"]
[EventDate "2015.03.22"]

1. d4 d6 2. Nf3 g6 3. g3 Bg7 4. Bg2 Nd7 5. c4 e5 6. O-O Nh6 7. e4 O-O 8. Nc3
Re8 9. h3 f6 10. Be3 Nf7 11. Qd2 c6 12. Rab1 Qe7 13. d5 c5 14. Nb5 Qd8 15. b4
b6 16. Ne1 f5 17. f3 a6 18. Nc3 f4 19. gxf4 exf4 20. Bxf4 Nde5 21. bxc5 bxc5
22. Na4 Nxc4 23. Qc1 Qh4 24. Nd3 Nce5 25. Nxe5 Nxe5 26. Bxe5 Bxe5 27. f4 Bd4+
28. Kh2 Rxe4 29. Rb3 Re8 30. Nb6 Rb8 31. Nxc8 Rbxc8 32. Qc4 Rcd8 33. Qxa6 Re3
34. Rxe3 Bxe3 35. Qc4 Rf8 36. Qd3 Bxf4+ 37. Kh1 Be5 38. Rxf8+ Kxf8 39. Qe4 Qg5
40. Qb1 Kg7 41. Qb7+ Kh6 42. Qf7 Qg3 43. Qf8+ Kg5 44. Qe7+ Kf4 45. Qf7+ Ke3 46.
Kg1 c4 47. Kf1 Kd2 0-1

[Event "4NCL Division 3"]
[Site "Daventry Court ENG"]
[Date "2015.03.22"]
[Round "8.99"]
[White "Byway, Paul V"]
[Black "Lemoir, David"]
[Result "1-0"]
[WhiteElo "2162"]
[BlackElo "2107"]
[PlyCount "77"]
[EventDate "2015.03.22"]

1. Nf3 Nc6 2. d4 d5 3. e3 Bg4 4. Be2 Nf6 5. O-O e6 6. h3 Bh5 7. Ne5 Bxe2 8.
Qxe2 Nxe5 9. dxe5 Nd7 10. e4 c6 11. exd5 cxd5 12. Nd2 Qc7 13. c4 dxc4 14. Nxc4
Rc8 15. Bg5 h6 16. Nd6+ Bxd6 17. exd6 Qxd6 18. Rad1 Qa6 19. Qd2 O-O 20. Be7 Nb6
21. Bxf8 Rxf8 22. a3 Nd5 23. Rc1 Qa4 24. Rc5 a6 25. Rfc1 Kh7 26. Qc2+ Qxc2 27.
R1xc2 b6 28. Rc8 Rxc8 29. Rxc8 a5 30. g3 Kg6 31. Kf1 Kf6 32. Ke2 h5 33. Rh8 g6
34. Kd3 Ke5 35. Rh7 Kf6 36. Kc4 Ke7 37. Kb5 Kf8 38. Rh8+ Ke7 39. Rb8 1-0